Statistics for ESPN SportsCenter Anchors

Click here to take the quiz!

General Stats

  • This quiz has been taken 117 times
  • The average score is 14 of 113

Answer Stats

Time Frame at ESPNFirst NameLast Name% Correct
2012-presentRandyScott
78%
1993-presentStuartScott
78%
1979-presentChrisBerman
68%
1980-1990SharonSmith
50%
1992-presentLindaCohn
45%
1989-2006DanPatrick
45%
1990-1998BillPatrick
45%
1993-presentSteveLevy
45%
1996-presentJohnBuccigross
42%
2001-presentScottVan Pelt
41%
1997-presentTreyWingo
40%
1992-1997, 2013-presentKeithOlbermann
39%
2008-presentHannahStorm
39%
1995-presentReceDavis
37%
1979-presentBobLey
35%
1994-presentKennyMayne
34%
2007-presentSageSteele
34%
1999-presentJohnAnderson
33%
1996-2003RichEisen
32%
1996-presentMikeGreenberg
30%
1990-2004RobinRoberts
30%
1993-1996, 1999-presentSuzyKolber
29%
2007-presentMikeGolic
27%
2000-presentNeilEverett
27%
1995-2002JasonJackson
25%
2000-presentStanVerrett
18%
1987-2001CharleySteiner
17%
2011-presentLindsayCzarniak
16%
1990-presentMarkJones
16%
2010-presentAdnanVirk
16%
2009-presentJonathanCoachman
16%
1993-1996CraigKilborn
16%
1993-presentKarlRavech
15%
1979-1996TomMees
14%
2003-presentJayHarris
14%
1986-presentJohnSaunders
11%
2008-2013MikeHill
11%
1989-1993ChrisFowler
10%
2002-2006, 2011-2012DanaJacobson
10%
1991-2003JackEdwards
9%
1996-2004PamWard
8%
2006-2011JoshElliott
8%
2007-presentRobertFlores
8%
1979-1988GregGumbel
8%
1990-2004GaryMiller
7%
1987-1998ChrisMyers
7%
1998-presentDavidLloyd
7%
1984-1985JimmyMyers
7%
2010-presentSaraWalsh
5%
2013-presentJaymeeSire
5%
1991-1997MikeTirico
5%
2010-presentBramWeinstein
5%
2012-presentZubinMehenti
5%
2011-presentColeWright
5%
1996-2013MichaelKim
5%
1999-2012CindyBrunson
5%
2010-presentMaxBretos
5%
1996-presentChrisMcKendry
4%
1979-1988GeorgeGrande
4%
2013-presentMattBarrie
4%
1997-2011BrianKenny
4%
2001-2010MattWiner
4%
2012-presentJayCrawford
3%
2013-presentChrisHassel
3%
2012-presentJadeMcCarthy
3%
1983-1988GayleGardner
3%
1996-1999LarryBiel
3%
2011-presentJorgeAndres
3%
2010-2012DonBell
2%
1997-2002WhitWatson
2%
2000-2004CaraCapuano
2%
2008-presentKevinConnors
2%
1988-1990KarieRoss
2%
1997-2002BetsyRoss
2%
1979LeeLeonard
2%
2014-presentLisaKerney
2%
2012-presentCassidyHubbarth
2%
1979-1984SalMarchiano
2%
2004-2008FredHickman
2%
2007-2011DariNowkah
2%
2008-presentKevinNegandhi
2%
2004-2005MikeHall
2%
1994-1997BrettHaber
2%
1996-2000IainPage
1%
1989-?AnneMontgomery
1%
1979-?BobWaller
1%
1984-1985ScottWahle
1%
2000-2012SteveBerthiaume
1%
1986-1994TimBrando
1%
1995-2002BobStevens
1%
1978-1985LouPalmer
1%
1987-1991EricClemons
1%
1999-2007DaveRevsine
1%
?-1981TomPipines
1%
1981-1983RhondaGlenn
1%
2012-presentChrisCotter
1%
2011-presentToddGrisham
1%
"early 80's"DickGaliette
1%
1993-2008BillPidto
1%
2002-2004KevinFrazier
1%
2010-presentSteveWeissman
0%
2010-2012JackMantua
0%
1985-1987AlanMassengale
0%
"early 90's"JimBergamo
0%
1999-2003KevinCorke
0%
1984, 1996-2000BillSeward
0%
2012-presentDougKezirian
0%
1996-2000DaveFeldman
0%
2012-presentHakemDemish
0%
1982DavidSullivan
0%
1985-1990LarryBurnett
0%
2007-2011WillSelva
0%
2001-2008ScottReiss
0%

Score Distribution

Percentile by Number Answered

Percent of People with Each Score

Your Score History

You have not taken this quiz